[Event "BL 2324 SK Kirchweyhe - Hamburger SK"]
[Site "?"]
[Date "2024.01.14"]
[Round "6.5"]
[White "Lampert, Jonas"]
[Black "Stevic, Hrvoje"]
[Result "1/2-1/2"]
[WhiteElo "2525"]
[BlackElo "2542"]
[PlyCount "58"]
[EventDate "2024.??.??"]

1. d4 d5 2. c4 c6 3. Nf3 Nf6 4. Nbd2 Bf5 5. Nh4 Be4 6. Qb3 Nbd7 7. e3 Rb8 8. Be2 e6 9. O-O Bd6 10. Nhf3 Bg6 11. h3 O-O 12. Nh4 Bh5 13. Bxh5 Nxh5 14. Nhf3 f5 15. cxd5 exd5 16. e4 fxe4 17. Nxe4 Bf4 18. Bxf4 Nxf4 19. Rae1 Qb6 20. Ned2 Qxb3 21. axb3 Rbe8 22. Re3 Rxe3 23. fxe3 Nd3 24. Rb1 Nf6 25. Kf1 Re8 26. Ke2 Nf4+ 27. Kf2 Nd3+ 28. Ke2 Nf4+ 29. Kf2 Nd3+ 1/2-1/2

[Event "BL 2324 SK Kirchweyhe - Hamburger SK"]
[Site "?"]
[Date "2024.01.14"]
[Round "6.6"]
[White "Jovanovic, Zoran"]
[Black "Lubbe, Nikolas"]
[Result "1/2-1/2"]
[WhiteElo "2525"]
[BlackElo "2500"]
[PlyCount "67"]
[EventDate "2024.??.??"]

1. e4 c5 2. Nf3 e6 3. g3 Nc6 4. Bg2 Nf6 5. Nc3 d5 6. exd5 exd5 7. d4 Bg4 8. h3 Bxf3 9. Qxf3 Nxd4 10. Qd3 Be7 11. O-O O-O 12. Be3 Qb6 13. Bxd4 cxd4 14. Nxd5 Nxd5 15. Bxd5 Rad8 16. Bb3 Bf6 17. Rfe1 Qc7 18. Re4 Qd7 19. h4 Rfe8 20. Rxe8+ Rxe8 21. a4 Qg4 22. Bd5 Re7 23. Bf3 Qd7 24. Kg2 a5 25. Qb3 Qc7 26. Rd1 h6 27. Rd2 b6 28. Re2 Rxe2 29. Bxe2 g5 30. h5 Kg7 31. Qd5 d3 32. Bxd3 Bxb2 33. Qe4 Qd6 34. Bc4 1/2-1/2

[Event "BL 2324 SK Kirchweyhe - Hamburger SK"]
[Site "?"]
[Date "2024.01.14"]
[Round "6.7"]
[White "Kramer, Julian"]
[Black "Kovacevic, Aleksandar"]
[Result "1/2-1/2"]
[WhiteElo "2470"]
[BlackElo "2453"]
[PlyCount "65"]
[EventDate "2024.??.??"]

1. e4 e5 2. Nf3 Nf6 3. d4 Nxe4 4. dxe5 d5 5. Nbd2 Qd7 6. Nb3 Be7 7. Bd3 c5 8. c4 dxc4 9. Bxe4 Qxd1+ 10. Kxd1 cxb3 11. axb3 Nc6 12. Bxc6+ bxc6 13. Be3 Be6 14. Nd2 O-O 15. Ra5 Rfd8 16. Ke2 Bf5 17. Rha1 Bd3+ 18. Ke1 c4 19. Rxa7 Rxa7 20. Rxa7 Bb4 21. bxc4 Bxc4 22. Ra4 Bxd2+ 23. Bxd2 Bd5 24. f3 h6 25. Be3 Kh7 26. Kf2 h5 27. h3 Kg6 28. Rf4 Ra8 29. g4 Ra1 30. Rf5 hxg4 31. hxg4 Rh1 32. f4 Kh7 33. Rh5+ 1/2-1/2

[Event "BL 2324 SK Kirchweyhe - Hamburger SK"]
[Site "?"]
[Date "2024.01.14"]
[Round "6.8"]
[White "Zelcic, Robert"]
[Black "Woelk, Tom-Frederic"]
[Result "1-0"]
[WhiteElo "2480"]
[BlackElo "2393"]
[PlyCount "79"]
[EventDate "2024.??.??"]

1. e4 e5 2. Nf3 Nc6 3. Bb5 a6 4. Ba4 Nf6 5. Nc3 Bc5 6. d3 h6 7. O-O b5 8. Bb3 d6 9. a4 b4 10. Nd5 Rb8 11. Be3 O-O 12. h3 Be6 13. Bc4 a5 14. c3 Bxe3 15. fxe3 Bxd5 16. exd5 Ne7 17. e4 Ng6 18. Qd2 c6 19. dxc6 Qb6+ 20. Qf2 bxc3 21. Qxb6 Rxb6 22. bxc3 Rxc6 23. Rab1 Nf4 24. Kh2 Rc5 25. Nd2 d5 26. exd5 N4xd5 27. Rfc1 Rfc8 28. Rb7 Kf8 29. Re1 Re8 30. Nb3 Rcc8 31. Nxa5 e4 32. dxe4 Rc5 33. Bb5 Rxe4 34. Rb8+ Ke7 35. Rxe4+ Nxe4 36. Re8+ Kf6 37. Rxe4 Nxc3 38. Rf4+ Ke7 39. Nc6+ Kd6 40. Rxf7 1-0

[Event "BL 2324 SC Viernheim - SC Remagen Sinzig"]
[Site "?"]
[Date "2024.01.14"]
[Round "6.1"]
[White "Pavlidis, Antonios"]
[Black "Mamedyarov, Shakhriyar"]
[Result "1/2-1/2"]
[WhiteElo "2565"]
[BlackElo "2726"]
[PlyCount "40"]
[EventDate "2024.??.??"]

1. e4 e5 2. Nf3 Nc6 3. Nc3 Nf6 4. d4 exd4 5. Nxd4 Nxe4 6. Nxc6 Nxc3 7. Nxd8 Nxd1 8. Nxf7 Kxf7 9. Bc4+ Kf6 10. h4 d5 11. Bxd5 Be6 12. Bg5+ Ke5 13. Bxe6 Nxf2 14. Kxf2 Kxe6 15. Rhe1+ Kf7 16. Re4 Re8 17. Rae1 Rxe4 18. Rxe4 Bd6 19. b3 h6 20. Be3 h5 1/2-1/2

[Event "BL 2324 SC Viernheim - SC Remagen Sinzig"]
[Site "?"]
[Date "2024.01.14"]
[Round "6.2"]
[White "Anton Guijarro, David"]
[Black "Plat, Vojtech"]
[Result "1-0"]
[WhiteElo "2670"]
[BlackElo "2516"]
[PlyCount "97"]
[EventDate "2024.??.??"]

1. c4 e5 2. g3 Nf6 3. Bg2 Be7 4. Nf3 d6 5. d4 Nbd7 6. Nc3 O-O 7. O-O a5 8. b3 Re8 9. Qc2 c6 10. Rd1 Bf8 11. e4 exd4 12. Nxd4 Nc5 13. h3 g6 14. Bf4 Nh5 15. Be3 Qe7 16. Re1 Bg7 17. Rad1 Nf6 18. Bf4 Nh5 19. Nxc6 bxc6 20. Bxd6 Qa7 21. g4 Nb7 22. Bh2 Nf6 23. e5 Nxg4 24. hxg4 Bxg4 25. Bxc6 Bxd1 26. Qxd1 Rf8 27. Qf3 Rab8 28. Nb5 Qb6 29. Nd6 Nd8 30. Bd5 Ne6 31. Qg4 h5 32. Qe4 Kh7 33. Kg2 Qc7 34. Bg3 Qd7 35. Rh1 Kg8 36. f4 Nc7 37. f5 Nxd5 38. Qxd5 gxf5 39. Rxh5 Qe6 40. Nxf5 Rfd8 41. Qe4 Rd2+ 42. Kf1 Rd1+ 43. Be1 Re8 44. Nxg7 Kxg7 45. Qh4 Rg8 46. Ke2 Ra1 47. Rh7+ Kf8 48. Qd8+ Qe8 49. Rxf7+ 1-0

[Event "BL 2324 SC Viernheim - SC Remagen Sinzig"]
[Site "?"]
[Date "2024.01.14"]
[Round "6.3"]
[White "Burg, Twan"]
[Black "Kryvoruchko, Yuriy"]
[Result "0-1"]
[WhiteElo "2522"]
[BlackElo "2650"]
[PlyCount "62"]
[EventDate "2024.??.??"]

1. e4 c5 2. Nf3 Nc6 3. Bb5 e6 4. O-O Nge7 5. Re1 a6 6. Bxc6 Nxc6 7. d4 cxd4 8. Nxd4 d6 9. Nxc6 bxc6 10. Nc3 e5 11. Qd3 Be7 12. Qg3 O-O 13. Bh6 Bf6 14. Rad1 Kh8 15. Bc1 Be7 16. Qe3 f5 17. exf5 Bxf5 18. Re2 Qe8 19. Ne4 Qg6 20. f3 d5 21. Nc5 Bxc2 22. Rde1 Bf5 23. b4 a5 24. bxa5 Rxa5 25. Nb3 Raa8 26. Qxe5 Bh4 27. g3 Bd3 28. Re3 Bf6 29. Qe6 d4 30. Rxd3 Qxd3 31. Nc5 Qc2 0-1

[Event "BL 2324 SC Viernheim - SC Remagen Sinzig"]
[Site "?"]
[Date "2024.01.14"]
[Round "6.4"]
[White "Amin, Bassem"]
[Black "Cyborowski, Lukasz"]
[Result "1-0"]
[WhiteElo "2661"]
[BlackElo "2489"]
[PlyCount "81"]
[EventDate "2024.??.??"]

1. e4 c5 2. Nf3 e6 3. c3 d5 4. e5 d4 5. d3 Nc6 6. g3 Nge7 7. Bg2 Ng6 8. Qe2 Qc7 9. Na3 Ncxe5 10. Nxe5 Qxe5 11. Be4 Bd7 12. h4 Qc7 13. Nc4 f6 14. h5 Ne5 15. Bf4 Bd6 16. Nxd6+ Qxd6 17. Bxb7 Rb8 18. Be4 O-O 19. c4 Bc6 20. Bxe5 fxe5 21. Rh4 Rf6 22. O-O-O Rbf8 23. Rd2 Be8 24. Qe1 Rh6 25. Qe2 a5 26. Qg4 a4 27. Qg5 Rhf6 28. h6 g6 29. Rh2 Bc6 30. Qh4 a3 31. b3 Rf5 32. Qg4 Qc7 33. Kd1 Bd7 34. Rc2 Bc6 35. Ke1 Qb7 36. Rh4 Bxe4 37. Qxe4 Qb4+ 38. Kf1 Qc3 39. Rxc3 Rxf2+ 40. Kg1 dxc3 41. Qxe5 1-0

[Event "BL 2324 SC Viernheim - SC Remagen Sinzig"]
[Site "?"]
[Date "2024.01.14"]
[Round "6.5"]
[White "Jaracz, Pawel"]
[Black "Meier, Georg"]
[Result "1/2-1/2"]
[WhiteElo "2472"]
[BlackElo "2620"]
[PlyCount "58"]
[EventDate "2024.??.??"]

1. e4 e6 2. d4 d5 3. Nd2 c5 4. Ngf3 cxd4 5. Nxd4 Nf6 6. exd5 Qxd5 7. Nb5 Na6 8. Nc3 Qd6 9. Qe2 Be7 10. Nc4 Qc7 11. g3 Qc6 12. Rg1 Nb4 13. a3 Nbd5 14. Bd2 O-O 15. Bg2 b5 16. Ne3 Rb8 17. O-O-O Nxc3 18. Bxc3 Qa6 19. Nf5 exf5 20. Qxe7 Be6 21. Rd6 Qc8 22. Rgd1 Ne4 23. Bxe4 fxe4 24. Bxg7 Kxg7 25. Qg5+ Kh8 26. Qf6+ Kg8 27. Qg5+ Kh8 28. Qf6+ Kg8 29. Qg5+ Kh8 1/2-1/2

[Event "BL 2324 SC Viernheim - SC Remagen Sinzig"]
[Site "?"]
[Date "2024.01.14"]
[Round "6.6"]
[White "Wagner, Dennis"]
[Black "Dgebuadze, Alexandre"]
[Result "1-0"]
[WhiteElo "2611"]
[BlackElo "2441"]
[PlyCount "83"]
[EventDate "2024.??.??"]

1. d4 Nf6 2. c4 e6 3. Nf3 Bb4+ 4. Nbd2 Nc6 5. a3 Bxd2+ 6. Bxd2 d6 7. Bg5 h6 8. Bh4 Qe7 9. e3 Bd7 10. Nd2 a5 11. Bd3 a4 12. f4 d5 13. O-O dxc4 14. Nxc4 Na5 15. Nxa5 Rxa5 16. Be1 Rd5 17. Bc3 c5 18. e4 Rxd4 19. Bxd4 cxd4 20. Qe1 Bc6 21. h3 O-O 22. e5 Nd7 23. Rc1 Rd8 24. Qb4 Qh4 25. Kh2 Nf8 26. Rc4 Rd5 27. Rxd4 Qd8 28. Rxd5 Qxd5 29. Rf3 Nd7 30. Rg3 Nc5 31. Bc4 Qd4 32. Bb5 Qd5 33. Bxc6 Qxc6 34. Qd4 Ne4 35. Re3 f5 36. exf6 Nxf6 37. Qe5 Kf7 38. Rc3 Qa6 39. Rc7+ Kg6 40. f5+ exf5 41. Qg3+ Kh5 42. Rxg7 1-0

[Event "BL 2324 SC Viernheim - SC Remagen Sinzig"]
[Site "?"]
[Date "2024.01.14"]
[Round "6.7"]
[White "Geirnaert, Steven"]
[Black "Braun, Arik"]
[Result "0-1"]
[WhiteElo "2437"]
[BlackElo "2593"]
[PlyCount "138"]
[EventDate "2024.??.??"]

1. d4 Nf6 2. c4 e6 3. Nc3 Bb4 4. e3 O-O 5. Bd3 d5 6. cxd5 exd5 7. Nge2 Re8 8. Bd2 Bd6 9. Rc1 a6 10. O-O b6 11. Nf4 Bxf4 12. exf4 Bb7 13. Be3 Nbd7 14. b4 c6 15. Qf3 Qe7 16. Rb1 b5 17. a4 Nb6 18. Bc2 Nc4 19. Bc1 Ne4 20. Qd3 f5 21. a5 Qf6 22. Be3 Re6 23. Rbe1 Rae8 24. Bc1 Bc8 25. f3 Ned6 26. Rxe6 Rxe6 27. Rf2 Re1+ 28. Rf1 Re7 29. Rf2 Nf7 30. Re2 g6 31. Rxe7 Qxe7 32. Na2 Nd8 33. Bd2 Ne6 34. Nc1 Nxd2 35. Qxd2 Nxd4 36. Nd3 Qe2 37. Qxe2 Nxe2+ 38. Kf2 Nd4 39. Bb1 Ne6 40. Ba2 Kf8 41. g4 Ke7 42. gxf5 gxf5 43. Ne5 Bd7 44. Bb1 Ng7 45. Nd3 Ne6 46. Ne5 Ng7 47. Nd3 d4 48. Nc5 Bc8 49. Ke2 Nh5 50. Kd3 Nxf4+ 51. Kxd4 Nd5 52. Ba2 Nxb4 53. Bb3 f4 54. Ke5 Nd5 55. Bxd5 cxd5 56. Kxd5 Kf6 57. h4 Kg6 58. Ke5 Kh5 59. Kxf4 Kxh4 60. Ke5 h5 61. f4 Kg4 62. Nxa6 h4 63. Nc5 h3 64. Ne4 h2 65. Nf2+ Kf3 66. Nh1 Kg2 67. f5 Bxf5 68. Kxf5 Kxh1 69. a6 Kg1 0-1

[Event "BL 2324 SC Viernheim - SC Remagen Sinzig"]
[Site "?"]
[Date "2024.01.14"]
[Round "6.8"]
[White "Maze, Sebastien"]
[Black "Muranyi, Karl-Jasmin"]
[Result "1-0"]
[WhiteElo "2548"]
[BlackElo "2343"]
[PlyCount "86"]
[EventDate "2024.??.??"]

1. e4 c6 2. d4 d5 3. Nc3 g6 4. h3 Bg7 5. Nf3 Nf6 6. e5 Nfd7 7. Bf4 Nf8 8. Qd2 h6 9. Ne2 b6 10. h4 Ba6 11. Be3 Qc8 12. g3 Nbd7 13. Bh3 e6 14. O-O c5 15. c3 Qc6 16. Rfc1 c4 17. b4 Bb5 18. Nh2 Ba4 19. Re1 h5 20. Nf3 b5 21. Bg5 a6 22. Nf4 Rg8 23. Re3 Nb6 24. Rae1 Ra7 25. g4 hxg4 26. Bxg4 Nc8 27. Nh2 Nh7 28. Bh3 Ne7 29. Rg3 Nxg5 30. hxg5 Rh8 31. Ng4 Nf5 32. Rf3 Nh4 33. Rfe3 Kd8 34. Nf6 Re7 35. Bg4 Kc7 36. Rh3 Bxf6 37. exf6 Ree8 38. f3 Nf5 39. Bxf5 gxf5 40. Qh2 Rxh3 41. Nxh3+ Kd7 42. g6 e5 43. gxf7 Rh8 1-0

[Event "BL 2324 Schachfreunde Deizisau - SC Heim"]
[Site "?"]
[Date "2024.01.14"]
[Round "6.2"]
[White "Kollars, Dmitrij"]
[Black "Kraemer, Martin"]
[Result "0-1"]
[WhiteElo "2632"]
[BlackElo "2570"]
[PlyCount "134"]
[EventDate "2024.??.??"]

1. e4 e5 2. Nf3 Nc6 3. Bb5 a6 4. Ba4 Nf6 5. O-O Be7 6. d3 b5 7. Bb3 d6 8. a4 Bd7 9. Be3 O-O 10. Nc3 Na5 11. Ba2 b4 12. Nd5 Nxd5 13. Bxd5 c6 14. Ba2 c5 15. Nd2 Bg5 16. Qh5 Bf6 17. Bd5 g6 18. Qe2 Bc6 19. Bxc6 Nxc6 20. Nc4 Na5 21. b3 Qc7 22. Rad1 Rad8 23. Kh1 Bg7 24. Bg5 f6 25. Bc1 Nc6 26. Bb2 Bh6 27. Ne3 Bxe3 28. fxe3 Kg7 29. Rf3 a5 30. Rdf1 Rf7 31. Bc1 Rdf8 32. g4 Nd8 33. Bd2 Ne6 34. Be1 Qd7 35. Bh4 d5 36. exd5 Qxd5 37. Qg2 Qb7 38. R3f2 Qxg2+ 39. Kxg2 Nc7 40. Bg3 Nd5 41. Kf3 Re8 42. e4 Ne7 43. Ke3 Nc6 44. Kd2 h6 45. Kc1 Rff8 46. Kb2 Rd8 47. Rg2 Nd4 48. Bf2 Rf7 49. Be3 Ne6 50. Rgf2 Rff8 51. Rf3 Nd4 52. R3f2 Ne6 53. h4 Rb8 54. Rh2 Rbd8 55. Bf2 Nd4 56. Bg3 Nc6 57. Rhf2 Rb8 58. Rf3 Rbe8 59. Bh2 Rb8 60. Bg3 Rbe8 61. Bh2 Rb8 62. c3 g5 63. hxg5 hxg5 64. Rc1 bxc3+ 65. Rxc3 Nd4 66. Rf2 Rh8 67. Bg1 Rh3 0-1

[Event "BL 2324 Schachfreunde Deizisau - SC Heim"]
[Site "?"]
[Date "2024.01.14"]
[Round "6.3"]
[White "Krejci, Jan"]
[Black "Gustafsson, Jan"]
[Result "1/2-1/2"]
[WhiteElo "2530"]
[BlackElo "2618"]
[PlyCount "48"]
[EventDate "2024.??.??"]

1. c4 Nf6 2. d4 e6 3. Nc3 Bb4 4. e3 O-O 5. Nge2 Re8 6. a3 Bf8 7. d5 a5 8. g3 Na6 9. Bg2 Nc5 10. Na4 Nxa4 11. Qxa4 c6 12. dxe6 dxe6 13. O-O e5 14. Qc2 Nd7 15. Bd2 Nc5 16. Rad1 Qd3 17. Qxd3 Nxd3 18. Bc3 Nc5 19. b4 axb4 20. axb4 Na4 21. c5 Bg4 22. f3 Nxc3 23. Nxc3 Be6 24. Ra1 Red8 1/2-1/2

[Event "BL 2324 Schachfreunde Deizisau - SC Heim"]
[Site "?"]
[Date "2024.01.14"]
[Round "6.4"]
[White "Zilka, Stepan"]
[Black "Polak, Tomas"]
[Result "1/2-1/2"]
[WhiteElo "2611"]
[BlackElo "2525"]
[PlyCount "60"]
[EventDate "2024.??.??"]

1. e4 e5 2. Nf3 Nf6 3. Nxe5 d6 4. Nf3 Nxe4 5. d4 d5 6. Bd3 Be7 7. O-O Bf5 8. Re1 O-O 9. Nbd2 Nd6 10. Bxf5 Nxf5 11. c3 c6 12. Qb3 Qc7 13. Nf1 Bd6 14. Qc2 g6 15. Ng3 Nxg3 16. hxg3 Nd7 17. Bg5 Rfe8 18. Re2 f6 19. Bh6 Kf7 20. Rae1 b5 21. Qd3 Rxe2 22. Qxe2 Nf8 23. g4 Qe7 24. Qd1 Ne6 25. a4 a6 26. b4 Qd7 27. a5 Re8 28. Qd2 Re7 29. Kf1 Kg8 30. Be3 g5 1/2-1/2

[Event "BL 2324 Schachfreunde Deizisau - SC Heim"]
[Site "?"]
[Date "2024.01.14"]
[Round "6.5"]
[White "Kraus, Tomas"]
[Black "Dautov, Rustem"]
[Result "1/2-1/2"]
[WhiteElo "2484"]
[BlackElo "2581"]
[PlyCount "63"]
[EventDate "2024.??.??"]

1. e4 c6 2. d4 d5 3. exd5 cxd5 4. c4 Nf6 5. Nc3 e6 6. Nf3 Be7 7. cxd5 exd5 8. Bd3 O-O 9. Ne5 Nc6 10. Nxc6 bxc6 11. O-O h6 12. Bf4 Bd6 13. Bg3 Bxg3 14. hxg3 Qa5 15. a3 c5 16. dxc5 Qxc5 17. Rc1 a5 18. Qd2 Bd7 19. Ne4 Qb6 20. Nxf6+ Qxf6 21. Rc5 Be6 22. Rb1 a4 23. Qf4 Qxf4 24. gxf4 g6 25. Rd1 Rfb8 26. Rd2 Rb3 27. Rb5 Rxb5 28. Bxb5 Ra5 29. Bc6 Ra6 30. Bb5 Ra5 31. Bc6 Ra6 32. Bb5 1/2-1/2

[Event "BL 2324 Schachfreunde Deizisau - SC Heim"]
[Site "?"]
[Date "2024.01.14"]
[Round "6.6"]
[White "Heimann, Andreas"]
[Black "Ferreira, Jorge Viterbo"]
[Result "1/2-1/2"]
[WhiteElo "2549"]
[BlackElo "2523"]
[PlyCount "40"]
[EventDate "2024.??.??"]

1. e4 e5 2. Nf3 Nc6 3. Bb5 a6 4. Ba4 Nf6 5. O-O Be7 6. Re1 b5 7. Bb3 d6 8. c3 O-O 9. h3 Na5 10. Bc2 c5 11. d4 Qc7 12. Nbd2 Bd7 13. d5 c4 14. Nf1 Nb7 15. N3h2 Nc5 16. f4 Rfc8 17. Ng3 a5 18. a3 Qb6 19. Kh1 b4 20. Qf3 bxc3 1/2-1/2

[Event "BL 2324 Schachfreunde Deizisau - SC Heim"]
[Site "?"]
[Date "2024.01.14"]
[Round "6.7"]
[White "Ronge, Tim"]
[Black "Krasenkow, Michal"]
[Result "0-1"]
[WhiteElo "2312"]
[BlackElo "2533"]
[PlyCount "84"]
[EventDate "2024.??.??"]

1. e4 g6 2. d4 Bg7 3. Nc3 d6 4. Nf3 Nf6 5. Be2 O-O 6. O-O Bg4 7. Be3 Nc6 8. d5 Bxf3 9. Bxf3 Ne5 10. Be2 c6 11. f4 Ned7 12. dxc6 bxc6 13. Kh1 Qb8 14. Rb1 e6 15. Qd2 Rd8 16. Rfd1 d5 17. e5 Ne8 18. Na4 Bf8 19. b4 Ng7 20. c4 Nf5 21. Bf2 Nb6 22. Qc2 Nxc4 23. Bxc4 dxc4 24. Rxd8 Qxd8 25. Rd1 Qc7 26. g4 Ne7 27. Qxc4 Nd5 28. Nc5 a5 29. a3 axb4 30. axb4 g5 31. Ne4 Be7 32. Bc5 gxf4 33. Bxe7 Qxe7 34. Qxc6 Ra2 35. Rxd5 Qh4 36. Rd2 Qe1+ 37. Kg2 Rxd2+ 38. Nxd2 Qxd2+ 39. Kh3 Qe3+ 40. Kh4 Qf2+ 41. Kg5 h6+ 42. Kf6 Qh4+ 0-1

[Event "BL 2324 Schachfreunde Deizisau - SC Heim"]
[Site "?"]
[Date "2024.01.14"]
[Round "6.8"]
[White "Kozul, Zdenko"]
[Black "Boidman, Yuri"]
[Result "1-0"]
[WhiteElo "2531"]
[BlackElo "2251"]
[PlyCount "91"]
[EventDate "2024.??.??"]

1. d4 d5 2. c4 c6 3. Nf3 Nf6 4. e3 e6 5. Bd3 Nbd7 6. Nbd2 Bd6 7. e4 dxe4 8. Nxe4 Nxe4 9. Bxe4 Nf6 10. Bc2 O-O 11. O-O c5 12. Bg5 cxd4 13. Qxd4 Be7 14. Qh4 Re8 15. Bxf6 Bxf6 16. Qxh7+ Kf8 17. Ba4 Bd7 18. Rad1 Bxa4 19. Rxd8 Rexd8 20. b3 Bc6 21. Qh8+ Ke7 22. Qh5 b6 23. Ne5 Be8 24. f4 Rd2 25. Rf2 Rad8 26. Rxd2 Rxd2 27. a4 g6 28. Qf3 Kf8 29. Qc3 Rd1+ 30. Kf2 Be7 31. Ke2 Rb1 32. Nc6 Bf6 33. Qxf6 Bxc6 34. Qh8+ Ke7 35. Qb8 Rb2+ 36. Ke1 Rxb3 37. Qc7+ Bd7 38. Qxa7 Rb4 39. c5 Re4+ 40. Kd2 Rxa4 41. Qxb6 Ra2+ 42. Kc3 Rxg2 43. Qd6+ Ke8 44. c6 Bc8 45. c7 Bd7 46. c8=Q+ 1-0

[Event "BL 2324 FC Bayern München - OSG Baden-B"]
[Site "?"]
[Date "2024.01.14"]
[Round "6.1"]
[White "Vachier-Lagrave, Maxime"]
[Black "Huschenbeth, Niclas"]
[Result "1/2-1/2"]
[WhiteElo "2734"]
[BlackElo "2617"]
[PlyCount "43"]
[EventDate "2024.??.??"]

1. e4 e5 2. Nf3 Nc6 3. Bc4 Nf6 4. d3 Bc5 5. c3 d6 6. O-O a6 7. a4 Ba7 8. Re1 O-O 9. h3 Re8 10. Nbd2 Be6 11. Bxe6 Rxe6 12. Nf1 d5 13. Bg5 h6 14. Bh4 dxe4 15. dxe4 Qxd1 16. Raxd1 Ne8 17. b4 f6 18. N1d2 Rd6 19. Kf1 Rd3 20. Rc1 g5 21. Bg3 h5 22. Nc4 1/2-1/2

[Event "BL 2324 FC Bayern München - OSG Baden-B"]
[Site "?"]
[Date "2024.01.14"]
[Round "6.3"]
[White "Vitiugov, Nikita"]
[Black "Dragnev, Valentin"]
[Result "1-0"]
[WhiteElo "2686"]
[BlackElo "2582"]
[PlyCount "229"]
[EventDate "2024.??.??"]

1. d4 d5 2. c4 e6 3. Nc3 Nf6 4. cxd5 exd5 5. Bg5 Be7 6. e3 O-O 7. Bd3 Re8 8. Nf3 h6 9. Bf4 c5 10. dxc5 Bxc5 11. O-O Nc6 12. Rc1 a6 13. Ne2 Ba7 14. Ned4 Nxd4 15. Nxd4 Ne4 16. Qh5 Nf6 17. Qf3 Ne4 18. Rfd1 Qf6 19. Bc2 Bd7 20. Bb3 Bc6 21. h3 Rac8 22. Rc2 a5 23. Nxc6 bxc6 24. Rdc1 d4 25. Bd5 Ng5 26. Bxg5 hxg5 27. Qxf6 gxf6 28. exd4 Bxd4 29. Bxc6 Re7 30. b3 Kf8 31. g3 Kg7 32. Kg2 Be5 33. Bb5 Rb8 34. Bd3 Bd6 35. Rc8 Rxc8 36. Rxc8 Bb4 37. Kf3 Rd7 38. Be4 Rd2 39. Rc2 Rd7 40. Kg4 Rd4 41. Kf5 Rd7 42. h4 Re7 43. f4 Be1 44. Rg2 Rc7 45. hxg5 Rc5+ 46. Kg4 fxg5 47. fxg5 Re5 48. Kf4 Re7 49. Rc2 Bb4 50. Rc6 Bd2+ 51. Kf5 Be1 52. g4 Bg3 53. Rc5 Be1 54. Rb5 Bb4 55. Rb6 Be1 56. Ra6 Rc7 57. g6 Rc5+ 58. Kf4 Bd2+ 59. Kf3 fxg6 60. Rxg6+ Kf7 61. Rd6 Bb4 62. Rc6 Rb5 63. Ke3 Rb8 64. g5 Rd8 65. g6+ Kg7 66. Rc7+ Kf6 67. Rf7+ Kg5 68. Kf3 Rc8 69. Rf5+ Kh6 70. Kg4 Rc1 71. Rf7 Rg1+ 72. Kf4 Bd2+ 73. Ke5 Bc3+ 74. Kd5 Bg7 75. Ra7 Rg5+ 76. Kd6 Rb5 77. Kc6 Rg5 78. Rd7 Rg4 79. Re7 Rg1 80. Ra7 Rg4 81. Bd3 Rg5 82. Ra8 Rg3 83. Bf5 Bc3 84. Ra7 Kg5 85. Rf7 Rg2 86. Be4 Rg4 87. Kb5 Kh6 88. Bd3 Rg2 89. Rh7+ Kg5 90. Rc7 Bb4 91. Be4 Rg4 92. Bd3 Rg3 93. Rd7 Kf6 94. Rf7+ Kg5 95. Rf5+ Kh6 96. Rd5 Rg2 97. Rd7 Kg5 98. Rd4 Kf6 99. a3 Bxa3 100. Kxa5 Ke5 101. Rd8 Be7 102. Rd7 Ke6 103. Rb7 Bd8+ 104. Kb5 Kd6 105. Rf7 Rg5+ 106. Bf5 Ke5 107. Kc6 Bf6 108. Bd3 Ke6 109. b4 Rg3 110. Rd7 Be7 111. b5 Rg5 112. Rxe7+ Kxe7 113. b6 Rh5 114. b7 Rh8 115. Kc7 1-0

[Event "BL 2324 FC Bayern München - OSG Baden-B"]
[Site "?"]
[Date "2024.01.14"]
[Round "6.4"]
[White "Alonso Rosell, Alvar"]
[Black "Wojtaszek, Radoslaw"]
[Result "1/2-1/2"]
[WhiteElo "2562"]
[BlackElo "2674"]
[PlyCount "41"]
[EventDate "2024.??.??"]

1. Nf3 d5 2. g3 c6 3. Bg2 Bg4 4. O-O Nd7 5. h3 Bh5 6. d4 e6 7. c4 Ngf6 8. cxd5 exd5 9. Nc3 Bd6 10. Nd2 Bg6 11. e4 dxe4 12. Ndxe4 Nxe4 13. Nxe4 Bxe4 14. Bxe4 O-O 15. Rb1 Nf6 16. Bg5 h6 17. Bxf6 Qxf6 18. Qf3 Qxf3 19. Bxf3 Rfe8 20. Rfe1 Kf8 21. Kf1 1/2-1/2

[Event "BL 2324 FC Bayern München - OSG Baden-B"]
[Site "?"]
[Date "2024.01.14"]
[Round "6.5"]
[White "Kasimdzhanov, Rustam"]
[Black "Johansson, Linus"]
[Result "1-0"]
[WhiteElo "2688"]
[BlackElo "2428"]
[PlyCount "97"]
[EventDate "2024.??.??"]

1. e4 e6 2. d4 d5 3. Nd2 c5 4. Ngf3 cxd4 5. Nxd4 Nc6 6. Bb5 Bd7 7. Nxc6 Bxc6 8. Bxc6+ bxc6 9. c4 Ne7 10. Qa4 Qd7 11. O-O Rd8 12. Nb3 Nc8 13. c5 dxe4 14. Qxe4 Ne7 15. Na5 Nd5 16. b4 Be7 17. Bb2 O-O 18. Qg4 Bf6 19. Bxf6 Nxf6 20. Qf3 Nd5 21. Rad1 Qc7 22. a3 Ne7 23. Qg3 Qc8 24. h3 Rfe8 25. Rfe1 h6 26. Qf4 Nd5 27. Qg3 Re7 28. Nc4 Qb8 29. Nd6 Qc7 30. Rd4 a5 31. Rg4 g6 32. Rh4 axb4 33. Rxh6 Kg7 34. Qh4 Nf6 35. axb4 Rxd6 36. cxd6 Qxd6 37. Rh8 Nh5 38. Rxh5 gxh5 39. Qg5+ Kf8 40. Qh6+ Ke8 41. Qh8+ Kd7 42. Ra1 e5 43. Qxh5 Qxb4 44. Qf5+ Kc7 45. Qf6 Kb7 46. Rc1 Rc7 47. Qxe5 c5 48. Qf5 Re7 49. Qd5+ 1-0

[Event "BL 2324 FC Bayern München - OSG Baden-B"]
[Site "?"]
[Date "2024.01.14"]
[Round "6.6"]
[White "Lokander, Martin"]
[Black "Adams, Michael"]
[Result "0-1"]
[WhiteElo "2452"]
[BlackElo "2674"]
[PlyCount "110"]
[EventDate "2024.??.??"]

1. e4 e5 2. Nf3 Nc6 3. d4 exd4 4. c3 Nf6 5. e5 Nd5 6. cxd4 d6 7. Bb5 Be7 8. Nc3 Be6 9. O-O O-O 10. Re1 a6 11. Ba4 b5 12. Bb3 dxe5 13. Nxe5 Nxe5 14. Nxd5 Bxd5 15. dxe5 Bxb3 16. Qxb3 c5 17. Bf4 c4 18. Qg3 Qb6 19. Rad1 Rad8 20. h4 Qg6 21. Bg5 Bxg5 22. Qxg5 Qb6 23. a3 h6 24. Qe7 Rfe8 25. Rxd8 Qxd8 26. Qxd8 Rxd8 27. e6 fxe6 28. Rxe6 Rd2 29. Rxa6 Rxb2 30. Rc6 Kf7 31. g4 Ra2 32. Rc5 Ke6 33. Rxb5 c3 34. Rc5 c2 35. Kg2 Kd6 36. Rc8 Kd5 37. Kf3 Kd4 38. Kf4 Kd3 39. Rd8+ Kc3 40. Rc8+ Kb2 41. Rb8+ Kxa3 42. Rc8 Kb2 43. Rb8+ Ka1 44. Rc8 Kb1 45. Kf5 c1=Q 46. Rxc1+ Kxc1 47. Kg6 Rxf2 48. Kxg7 Rg2 49. Kxh6 Rxg4 50. h5 Kd2 51. Kh7 Ke3 52. h6 Kf4 53. Kh8 Kf5 54. h7 Kg6 55. Kg8 Kh6+ 0-1

[Event "BL 2324 FC Bayern München - OSG Baden-B"]
[Site "?"]
[Date "2024.01.14"]
[Round "6.7"]
[White "Naiditsch, Arkadij"]
[Black "Kurmann, Oliver"]
[Result "1-0"]
[WhiteElo "2657"]
[BlackElo "2424"]
[PlyCount "55"]
[EventDate "2024.??.??"]

1. e4 c5 2. Nf3 Nc6 3. Bb5 e6 4. O-O Nge7 5. Re1 b6 6. c3 a6 7. Bc4 d5 8. exd5 Nxd5 9. d4 cxd4 10. Bxd5 Qxd5 11. cxd4 Bb4 12. Nc3 Bxc3 13. bxc3 O-O 14. Qd3 b5 15. Ng5 f5 16. Qg3 Re8 17. Nh3 Bb7 18. Bh6 Qd7 19. Re3 b4 20. Rae1 bxc3 21. Nf4 Kh8 22. d5 Nd4 23. dxe6 Qe7 24. Nh5 Rg8 25. Rxc3 Rad8 26. h4 Nc6 27. Bg5 Qe8 28. Nf6 1-0

[Event "BL 2324 FC Bayern München - OSG Baden-B"]
[Site "?"]
[Date "2024.01.14"]
[Round "6.8"]
[White "Rafiee, Makan"]
[Black "Movsesian, Sergei"]
[Result "0-1"]
[WhiteElo "2279"]
[BlackElo "2604"]
[PlyCount "80"]
[EventDate "2024.??.??"]

1. e4 c5 2. Nf3 e6 3. d4 cxd4 4. Nxd4 Nc6 5. Nc3 a6 6. Be3 Qc7 7. Bd3 Nf6 8. O-O Bd6 9. Kh1 Bf4 10. Bxf4 Qxf4 11. Nce2 Qc7 12. f4 b6 13. Nxc6 Qxc6 14. Nd4 Qa4 15. c4 Qxd1 16. Raxd1 Bb7 17. Rfe1 d6 18. f5 e5 19. Nc2 Ke7 20. Kg1 g6 21. fxg6 hxg6 22. Nb4 a5 23. Nd5+ Bxd5 24. exd5 Nd7 25. b3 f5 26. a3 e4 27. Bf1 Kf6 28. h3 Ke5 29. Kf2 Nc5 30. Rb1 g5 31. Ke3 a4 32. b4 Nb3 33. Red1 f4+ 34. Kf2 e3+ 35. Ke1 g4 36. hxg4 Nd4 37. Rxd4 Kxd4 38. Rd1+ Kc3 39. Rd3+ Kb2 40. Ke2 Rac8 0-1

[Event "BL 2324 MSA Zugzwang - SC Ötigheim"]
[Site "?"]
[Date "2024.01.14"]
[Round "6.1"]
[White "Iturrizaga Bonelli, Eduardo"]
[Black "Eljanov, Pavel"]
[Result "1/2-1/2"]
[WhiteElo "2600"]
[BlackElo "2704"]
[PlyCount "42"]
[EventDate "2024.??.??"]

1. d4 Nf6 2. c4 e6 3. g3 d5 4. Bg2 Be7 5. Nf3 O-O 6. O-O dxc4 7. Qc2 a6 8. a4 Bd7 9. Ne5 Bc6 10. Nxc6 Nxc6 11. e3 Na5 12. Nd2 c5 13. dxc5 Rc8 14. b4 cxb3 15. Nxb3 Nxb3 16. Qxb3 Nd7 17. Qxb7 Nxc5 18. Qb1 Rb8 19. Qc2 Nb3 20. Rb1 Nxc1 21. Rfxc1 Rxb1 1/2-1/2